Khānadeśī lokakathā. (Record no. 63356)
[ view plain ]
| 000 -LEADER | |
|---|---|
| fixed length control field | 00606cam a22002291 4500 |
| 001 - CONTROL NUMBER | |
| control field | sa 65003779 |
| 003 - CONTROL NUMBER IDENTIFIER | |
| control field | DLC |
| 005 - DATE AND TIME OF LATEST TRANSACTION | |
| control field | 20260227112125.0 |
| 008 - FIXED-LENGTH DATA ELEMENTS--GENERAL INFORMATION | |
| fixed length control field | 891026s1964 ii a 000 0 maro |
| 010 ## - LIBRARY OF CONGRESS CONTROL NUMBER | |
| LC control number | sa 65003779 |
| 035 ## - SYSTEM CONTROL NUMBER | |
| System control number | (OCoLC)20553488 |
| 040 ## - CATALOGING SOURCE | |
| Original cataloging agency | DLC |
| Transcribing agency | WaU |
| Modifying agency | DLC |
| 043 ## - GEOGRAPHIC AREA CODE | |
| Geographic area code | a-ii--- |
| 050 00 - LIBRARY OF CONGRESS CALL NUMBER | |
| Classification number | GR305.5.K5 |
| Item number | P3 |
| 100 1# - MAIN ENTRY--PERSONAL NAME | |
| Personal name | Pāṭīla, Yaśavanta Bhivasana. |
| 245 10 - TITLE STATEMENT | |
| Title | Khānadeśī lokakathā. |
| 260 ## - PUBLICATION, DISTRIBUTION, ETC. | |
| Date of publication, distribution, etc. | [1964] |
| 300 ## - PHYSICAL DESCRIPTION | |
| Extent | 7, 76 p. |
| Other physical details | illus. |
| Dimensions | 21 cm. |
| 500 ## - GENERAL NOTE | |
| General note | In Marathi. |
| 650 #0 - SUBJECT ADDED ENTRY--TOPICAL TERM | |
| Topical term or geographic name entry element | Tales |
| Geographic subdivision | India |
| -- | Khandesh. |
| 650 #0 - SUBJECT ADDED ENTRY--TOPICAL TERM | |
| Topical term or geographic name entry element | Folk literature, Marathi |
| Geographic subdivision | India |
| -- | Khandesh. |
No items available.